000 00470pab a2200181 454500
008 180718b1993 xxu||||| |||| 00| 0 eng d
100 _aDhawan, B.D.
245 _aSustaining groundwater-based agriculture in India
260 _c1993
300 _ap.435-440.
362 _aJul-Sep
650 _aAgriculture - India
650 _aGroundwater - India
650 _aGroundwater
773 _aIndian Journal of Public Administration
908 _aN
909 _a89133
999 _c89133
_d89133